[Event "7th European Individual Senior Champion."]
[Site "Hockenheim, Germany"]
[Date "2007.06.02"]
[Round "1.1"]
[White "Pushkov, Nikolai"]
[Black "Klein, Klaus"]
[Result "1-0"]
[WhiteElo "2522"]
[BlackElo "2120"]
[PlyCount "99"]
[EventDate "2007.??.??"]

1. d4 d5 2. c4 c6 3. Nf3 Nf6 4. Qc2 dxc4 5. Qxc4 Qd5 6. Qa4 Ne4 7. Nc3 Nxc3 8.
bxc3 Nd7 9. c4 Nb6 10. cxd5 Nxa4 11. dxc6 bxc6 12. e4 Nc3 13. Bd3 Nb5 14. a4
Nc7 15. Ba3 f6 16. Rc1 Kd7 17. O-O Ba6 18. Bxa6 Nxa6 19. d5 cxd5 20. exd5 Rc8
21. Nd4 Rxc1 22. Rxc1 Nc7 23. Rc5 g6 24. Ra5 a6 25. Ne6 Nxe6 26. dxe6+ Kxe6 27.
Rxa6+ Kd5 28. Ra8 Bg7 29. Rxh8 Bxh8 30. Bxe7 f5 31. Kf1 Bc3 32. Ke2 Kc4 33. Bd8
Bd4 34. f3 Kb4 35. a5 Kb5 36. Kd3 Bg1 37. h3 Bf2 38. Bb6 Bg3 39. Kd4 Kc6 40.
Kc4 h6 41. Bd4 g5 42. a6 h5 43. a7 Kb7 44. Kd5 g4 45. Ke6 gxh3 46. gxh3 f4 47.
Kf5 h4 48. Kg4 Ka8 49. Bf6 Kxa7 50. Bxh4 1-0

[Event "7th European Individual Senior Champion."]
[Site "Hockenheim, Germany"]
[Date "2007.06.02"]
[Round "1.2"]
[White "Ellinger, Hans Dr."]
[Black "Farago, Ivan"]
[Result "0-1"]
[WhiteElo "2115"]
[BlackElo "2501"]
[PlyCount "78"]
[EventDate "2007.??.??"]

1. d4 Nf6 2. Nf3 e6 3. Bg5 c5 4. e3 h6 5. Bh4 b6 6. Nbd2 cxd4 7. exd4 Bb7 8.
Bd3 Be7 9. O-O Nc6 10. c3 O-O 11. Re1 Nd5 12. Bxe7 Ncxe7 13. c4 Nf4 14. Bf1 d5
15. b3 Nf5 16. g3 Ng6 17. Bd3 Qf6 18. Bxf5 Qxf5 19. c5 bxc5 20. dxc5 d4 21. c6
Bxc6 22. Nxd4 Qd5 23. Nxc6 Qxc6 24. Rc1 Qa6 25. Qc2 Rad8 26. Nc4 Rd5 27. Rcd1
Rfd8 28. a4 Qc6 29. Rxd5 exd5 30. Qd2 Qf6 31. Rd1 Nf8 32. Ne3 d4 33. Nc4 Ne6
34. Qa5 Qf3 35. Re1 Rd5 36. Qxa7 Ng5 37. Qa8+ Kh7 38. Qc8 Rf5 39. Rf1 Nh3+ 0-1

[Event "7th European Individual Senior Champion."]
[Site "Hockenheim, Germany"]
[Date "2007.06.02"]
[Round "1.3"]
[White "Jansa, Vlastimil"]
[Black "Mueller, Waldemar"]
[Result "1-0"]
[WhiteElo "2499"]
[BlackElo "2115"]
[PlyCount "71"]
[EventDate "2007.??.??"]

1. e4 c5 2. Nf3 Nc6 3. Bb5 e6 4. O-O Nge7 5. b3 a6 6. Bxc6 Nxc6 7. Bb2 f6 8. d4
cxd4 9. Nxd4 Be7 10. Qh5+ g6 11. Qh6 Kf7 12. Nd2 Nxd4 13. Bxd4 b5 14. f4 Qf8
15. Qh4 Bb7 16. f5 exf5 17. exf5 g5 18. Qh5+ Kg8 19. Nf3 Rc8 20. Rf2 h6 21. Re1
Qf7 22. Qg6+ Qxg6 23. fxg6 Bb4 24. Re3 Rf8 25. h4 Kg7 26. h5 Bd5 27. Ne5 Be6
28. Nf7 Rxf7 29. gxf7 Be7 30. Ref3 Rf8 31. Bxf6+ Bxf6 32. Rxf6 Rxf7 33. Rg6+
Kf8 34. Rxh6 b4 35. Rg6 g4 36. h6 1-0

[Event "7th European Individual Senior Champion."]
[Site "Hockenheim, Germany"]
[Date "2007.06.02"]
[Round "1.5"]
[White "Tseitlin, Mark D"]
[Black "Fedotov, Oleksandr"]
[Result "1-0"]
[WhiteElo "2491"]
[BlackElo "2100"]
[PlyCount "56"]
[EventDate "2007.??.??"]

1. e4 g6 2. d4 Bg7 3. Nc3 c6 4. Bc4 b5 5. Bb3 b4 6. Qf3 e6 7. Nce2 d6 8. a3
bxa3 9. Rxa3 Ne7 10. h4 h5 11. Nh3 d5 12. Ng5 O-O 13. e5 f6 14. exf6 Bxf6 15.
Qc3 Na6 16. Nxe6 Bxe6 17. Rxa6 Qd7 18. Be3 Kg7 19. Nf4 Bf7 20. Nd3 Qg4 21. O-O
Qxh4 22. Ne5 Bxe5 23. dxe5 Be6 24. Ra4 Bg4 25. Qd2 Nf5 26. Bg5 Ne7 27. Be3 Rf5 28. f3 Ng8 1-0

[Event "7th European Individual Senior Champion."]
[Site "Hockenheim, Germany"]
[Date "2007.06.02"]
[Round "1.6"]
[White "Taksrud, Vidar"]
[Black "Fradkin, Boris"]
[Result "0-1"]
[WhiteElo "2099"]
[BlackElo "2465"]
[PlyCount "102"]
[EventDate "2007.??.??"]

1. d4 Nf6 2. c4 e6 3. Nf3 b6 4. g3 Ba6 5. b3 Bb4+ 6. Bd2 Be7 7. Bg2 c6 8. O-O
d5 9. Nc3 Nbd7 10. Re1 O-O 11. cxd5 cxd5 12. a4 Rc8 13. Nb5 Bxb5 14. axb5 Qc7
15. Bf4 Bd6 16. Bxd6 Qxd6 17. Qd3 Rc7 18. Ra4 Rfc8 19. Qb1 Ne4 20. Qa1 Nc3 21.
Rxa7 Nxb5 22. Rxc7 Qxc7 23. Qa6 Nc3 24. Nd2 b5 25. e4 dxe4 26. Nxe4 b4 27. Nd6
Rf8 28. Nc4 Nf6 29. Ne5 g6 30. Nd3 Nfd5 31. Bxd5 Nxd5 32. Qc4 Qb7 33. Rc1 Ra8
34. Nc5 Qe7 35. Re1 Qf6 36. Na6 Rd8 37. Re5 Qf3 38. Nxb4 Qd1+ 39. Kg2 Nxb4 40.
Qxb4 Rxd4 41. Qb8+ Rd8 42. Qc7 Rd3 43. Rb5 Qf3+ 44. Kh3 Qxf2 45. Qb8+ Kg7 46.
Qe5+ f6 47. Qc7+ Kh6 48. Qc1+ Rd2 49. Qh1 e5 50. Rb4 Qf5+ 51. Rg4 Kh5 0-1

[Event "7th European Individual Senior Champion."]
[Site "Hockenheim, Germany"]
[Date "2007.06.02"]
[Round "1.8"]
[White "Drozdov, Vladimir E."]
[Black "Klovans, Janis"]
[Result "0-1"]
[WhiteElo "2094"]
[BlackElo "2441"]
[PlyCount "76"]
[EventDate "2007.??.??"]

1. e4 c5 2. c3 Nf6 3. e5 Nd5 4. d4 cxd4 5. Qxd4 e6 6. Nf3 Nc6 7. Qe4 b6 8. Nbd2
Bb7 9. Nc4 b5 10. Ne3 Nxe3 11. Bxe3 b4 12. Bd3 bxc3 13. bxc3 Qc7 14. O-O Nb4
15. Qc4 Qxc4 16. Bxc4 Nc2 17. Rab1 Nxe3 18. fxe3 Be4 19. Rb3 Bc5 20. Kf2 O-O
21. Ke2 Rac8 22. Bd3 Ba8 23. Bb5 d6 24. exd6 Bxd6 25. Rd1 Bd5 26. c4 Rxc4 27.
Bxc4 Bxc4+ 28. Kf2 Bxb3 29. axb3 Bc5 30. Ne5 Rc8 31. Ke2 f6 32. Nd3 Bb6 33. Nf4
Rc3 34. Rd3 Rxd3 35. Kxd3 Kf7 36. h4 f5 37. h5 Kf6 38. e4 Ke5 0-1

[Event "7th European Individual Senior Champion."]
[Site "Hockenheim, Germany"]
[Date "2007.06.02"]
[Round "1.10"]
[White "Hutchinson, Norman A"]
[Black "Murey, Jacob"]
[Result "0-1"]
[WhiteElo "2087"]
[BlackElo "2433"]
[PlyCount "114"]
[EventDate "2007.??.??"]

1. e4 c5 2. c3 b6 3. d4 Bb7 4. Bd3 Nf6 5. Nd2 cxd4 6. cxd4 Nc6 7. Ne2 Nb4 8.
Bb1 Ba6 9. e5 Nfd5 10. Nf3 Qc7 11. a3 Bxe2 12. Kxe2 Qc4+ 13. Ke1 Rc8 14. Kd2 g6
15. axb4 Bh6+ 16. Ke1 Qxc1 17. Be4 Nxb4 18. Qxc1 Rxc1+ 19. Rxc1 Bxc1 20. Ke2
Bh6 21. Nd2 f5 22. Rc1 O-O 23. Bf3 d6 24. Rc7 dxe5 25. dxe5 Rd8 26. Nc4 b5 27.
Ne3 a6 28. Rxe7 Bg7 29. b3 Kf8 30. Re6 Kf7 31. Rb6 Bxe5 32. Rb7+ Kg8 33. Ra7 f4
34. Nf1 Re8 35. Ra8 Rxa8 36. Bxa8 Kf7 37. Nd2 Ke6 38. Ne4 Kd7 39. Nc5+ Kd6 40.
Nd3 Nc2 41. Kd2 Nd4 42. b4 a5 43. Nxe5 Kxe5 44. bxa5 Nb3+ 45. Kc3 Nxa5 46. Kb4
Nc4 47. Kxb5 Kd4 48. g3 Ne5 49. h4 f3 50. Kb6 Kd3 51. Kc5 Ke2 52. Kd6 Ng4 53.
Ke6 Kxf2 54. Kf7 Kxg3 55. Bxf3 Ne5+ 56. Kg7 Nxf3 57. Kxh7 Nxh4 0-1

[Event "7th European Individual Senior Champion."]
[Site "Hockenheim, Germany"]
[Date "2007.06.02"]
[Round "1.12"]
[White "Masich, Vladimir"]
[Black "Uhlmann, Wolfgang"]
[Result "0-1"]
[WhiteElo "2079"]
[BlackElo "2419"]
[PlyCount "72"]
[EventDate "2007.??.??"]

1. Nf3 Nf6 2. g3 g6 3. Bg2 Bg7 4. O-O c5 5. c4 O-O 6. Nc3 Nc6 7. d4 cxd4 8.
Nxd4 Ng4 9. Nxc6 dxc6 10. Bg5 Qc7 11. Qc2 Be6 12. h3 Ne5 13. b3 h6 14. Bd2 Rad8
15. Rad1 b5 16. c5 Nd7 17. Be3 Nf6 18. Rxd8 Rxd8 19. Rd1 Rxd1+ 20. Qxd1 b4 21.
Na4 Bd5 22. Bd4 Bxg2 23. Kxg2 Qd7 24. Qa1 Qd5+ 25. f3 h5 26. Qb2 Ne8 27. Bxg7
Nxg7 28. e4 Qd3 29. Qf2 h4 30. Nb2 Qb1 31. Nc4 hxg3 32. Kxg3 Qc1 33. Qe3 Qa1
34. Na5 Nh5+ 35. Kg4 Qxa2 36. f4 Qxa5 0-1

[Event "7th European Individual Senior Champion."]
[Site "Hockenheim, Germany"]
[Date "2007.06.02"]
[Round "1.13"]
[White "Chernikov, Oleg L"]
[Black "Delander, Adolf"]
[Result "1-0"]
[WhiteElo "2405"]
[BlackElo "2075"]
[PlyCount "112"]
[EventDate "2007.??.??"]

1. d4 d5 2. c4 c6 3. e3 e6 4. Bd3 Nf6 5. Nf3 Nbd7 6. Nbd2 Bd6 7. e4 dxe4 8.
Nxe4 Nxe4 9. Bxe4 Nf6 10. Bc2 h6 11. O-O O-O 12. b3 Qe7 13. Qd3 Rd8 14. Re1 Qc7
15. Qc3 b5 16. c5 Bf4 17. Bxf4 Qxf4 18. a4 bxa4 19. Rxa4 Bd7 20. Qe3 Qxe3 21.
fxe3 Nd5 22. Kf2 Rdb8 23. Rea1 Nb4 24. Be4 f5 25. Bb1 Rb7 26. Ne5 Be8 27. R4a3
Kf8 28. Ke2 Nd5 29. Kd2 Nc7 30. Bd3 Nb5 31. Bxb5 cxb5 32. Ra6 Ke7 33. b4 Rc7
34. Rd6 Bd7 35. g4 fxg4 36. Rf1 Be8 37. e4 Rd8 38. Rxd8 Kxd8 39. Nxg4 Rf7 40.
Rg1 g5 41. Ke3 Rf4 42. Ne5 Rh4 43. Nf3 Rf4 44. Ne5 Rh4 45. d5 exd5 46. exd5
Rxb4 47. d6 Rb2 48. Ra1 Rc2 49. Kd4 Rd2+ 50. Ke4 Rc2 51. Kd4 Rd2+ 52. Ke4 Rc2
53. c6 Bxc6+ 54. Nxc6+ Rxc6 55. Rxa7 Kc8 56. Ke5 Rc4 1-0

[Event "7th European Individual Senior Champion."]
[Site "Hockenheim, Germany"]
[Date "2007.06.02"]
[Round "1.14"]
[White "Dotan, Valeria"]
[Black "Butnorius, Algimantas"]
[Result "1/2-1/2"]
[WhiteElo "2075"]
[BlackElo "2402"]
[PlyCount "90"]
[EventDate "2007.??.??"]

1. Nf3 Nf6 2. c4 b6 3. Nc3 Bb7 4. d4 e6 5. Bg5 Bb4 6. Qc2 h6 7. Bh4 g5 8. Bg3
Ne4 9. Nd2 Bxc3 10. bxc3 Nxg3 11. hxg3 d6 12. e4 Nd7 13. Bd3 Qe7 14. a4 a5 15.
g4 O-O-O 16. Nb3 f5 17. Qe2 fxg4 18. Qxg4 Kb8 19. Qe2 e5 20. Rb1 Ka7 21. c5
dxc5 22. d5 c4 23. Bxc4 Nc5 24. Bb5 h5 25. Qe3 Nxb3 26. Rxb3 h4 27. c4 Qc5 28.
Qxc5 bxc5 29. Ke2 Rb8 30. Rf3 Rbf8 31. Rxf8 Rxf8 32. g3 Bc8 33. gxh4 Bg4+ 34.
Ke1 Rh8 35. Rg1 Rxh4 36. f3 Bxf3 37. Rxg5 Rg4 38. Rxe5 Rxe4+ 39. Rxe4 Bxe4 40.
Ke2 Kb6 41. Ke3 Bc2 42. Kf4 Bb3 43. Ke5 Bc2 44. d6 cxd6+ 45. Kxd6 Bd1 1/2-1/2

[Event "7th European Individual Senior Champion."]
[Site "Hockenheim, Germany"]
[Date "2007.06.02"]
[Round "1.16"]
[White "Husser, Oskar"]
[Black "Donchenko, Anatoly G"]
[Result "0-1"]
[WhiteElo "2073"]
[BlackElo "2374"]
[PlyCount "56"]
[EventDate "2007.??.??"]

1. Nf3 Nf6 2. c4 e6 3. g3 d5 4. Bg2 dxc4 5. Qa4+ Nbd7 6. Qxc4 c5 7. O-O b6 8.
d3 Bb7 9. Bf4 Be7 10. Nc3 a6 11. a4 O-O 12. Rfd1 Nd5 13. Nxd5 Bxd5 14. Qc2 e5
15. Bd2 Rc8 16. Bc3 Bf6 17. b3 Re8 18. Qb2 Qc7 19. Bh3 Rcd8 20. Nd2 g6 21. Nc4
Bg7 22. Rf1 f6 23. Rad1 Bh6 24. Bd2 Bxd2 25. Qxd2 Nf8 26. e4 Bxe4 27. Qc3 Ba8
28. f4 Qc6 0-1

[Event "7th European Individual Senior Champion."]
[Site "Hockenheim, Germany"]
[Date "2007.06.02"]
[Round "1.17"]
[White "Rotstein, Efim"]
[Black "Ladstetter, Josef"]
[Result "1-0"]
[WhiteElo "2371"]
[BlackElo "2066"]
[PlyCount "67"]
[EventDate "2007.??.??"]

1. d4 Nf6 2. Nf3 e6 3. e3 c5 4. Bd3 d5 5. O-O Nc6 6. b3 Be7 7. Bb2 cxd4 8. exd4
O-O 9. Nbd2 Qa5 10. a3 b5 11. Ne5 Bb7 12. Qe2 a6 13. f4 Qb6 14. Nxc6 Qxc6 15.
f5 Ne4 16. fxe6 f5 17. Rae1 Qxe6 18. c4 bxc4 19. bxc4 Bd6 20. c5 Bc7 21. Nf3
Rfe8 22. Qc2 Bc6 23. Ne5 Bxe5 24. dxe5 Reb8 25. Bd4 Bb5 26. Bxb5 Rxb5 27. c6
Rc8 28. Rc1 g6 29. Rf3 Qe7 30. Rb3 Ra5 31. c7 Rb5 32. Rxb5 axb5 33. Qc6 Qxa3
34. Qxd5+ 1-0

[Event "7th European Individual Senior Champion."]
[Site "Hockenheim, Germany"]
[Date "2007.06.02"]
[Round "1.19"]
[White "Khanukov, Boris"]
[Black "Ophoff, Rigobert"]
[Result "1-0"]
[WhiteElo "2358"]
[BlackElo "2062"]
[PlyCount "104"]
[EventDate "2007.??.??"]

1. d4 Nf6 2. c4 d6 3. Nc3 e5 4. d5 g6 5. g3 Bg7 6. Bg2 O-O 7. Nf3 Nbd7 8. O-O
a5 9. Na4 b6 10. Ne1 Ne8 11. Nd3 f5 12. Bd2 Nef6 13. a3 Qe7 14. b4 axb4 15.
axb4 e4 16. Nf4 Ne5 17. Qb3 g5 18. Nh3 h6 19. f4 exf3 20. exf3 Ng6 21. Rae1 Qf7
22. Nc3 Bd7 23. f4 g4 24. Nf2 Rfe8 25. Nfd1 Rxe1 26. Rxe1 Re8 27. Rxe8+ Qxe8
28. Qc2 h5 29. Ne3 Qc8 30. Ne2 h4 31. Bc3 hxg3 32. hxg3 Qe8 33. Kf2 Ne7 34. Bd4
Qg6 35. Qa2 Qe8 36. Qa7 Qc8 37. c5 bxc5 38. bxc5 Qd8 39. c6 Be8 40. Nc3 Bf7 41.
Bxf6 Bxf6 42. Nb5 Qc8 43. Nxc7 Kg7 44. Nb5 Qd8 45. Ke2 Kg6 46. Kd3 Nc8 47. Qc7
Qxc7 48. Nxc7 Bd8 49. Nb5 Bb6 50. Nd4 Ne7 51. Ndxf5 Nxf5 52. Be4 Kf6 1-0

[Event "7th European Individual Senior Champion."]
[Site "Hockenheim, Germany"]
[Date "2007.06.02"]
[Round "1.20"]
[White "Born, Bernd-Ludger Dr"]
[Black "Arkhangelsky, Boris"]
[Result "0-1"]
[WhiteElo "2060"]
[BlackElo "2355"]
[PlyCount "40"]
[EventDate "2007.??.??"]

1. d4 d5 2. Nf3 c6 3. e3 Nf6 4. Bd3 Bg4 5. Nbd2 Nbd7 6. c4 e6 7. O-O Bd6 8. Qc2
O-O 9. e4 dxe4 10. Nxe4 Nxe4 11. Bxe4 f5 12. Bg5 Qe8 13. Ne5 Bxe5 14. dxe5 fxe4
15. Qxe4 Bf5 16. Qe3 Qg6 17. Rfd1 Nxe5 18. Be7 Rf7 19. Qxa7 Re8 20. Bd6 Bh3 0-1

[Event "7th European Individual Senior Champion."]
[Site "Hockenheim, Germany"]
[Date "2007.06.02"]
[Round "1.21"]
[White "Kremenietsky, Anatoly M"]
[Black "Jahr, Dieter"]
[Result "1-0"]
[WhiteElo "2353"]
[BlackElo "2059"]
[PlyCount "89"]
[EventDate "2007.??.??"]

1. e4 c5 2. Nf3 Nc6 3. d4 cxd4 4. Nxd4 d6 5. c4 Nf6 6. Nc3 g6 7. Be2 Bg7 8. Nc2
O-O 9. O-O b6 10. Be3 Bb7 11. f3 Rc8 12. Qd2 Qc7 13. Rac1 Qb8 14. Rfd1 Rfd8 15.
Bg5 Kf8 16. Bh6 Ng8 17. Bxg7+ Kxg7 18. Ne3 Nf6 19. b3 Ne5 20. f4 Ned7 21. Bf3
Nc5 22. Ned5 Bxd5 23. exd5 a6 24. Ne2 b5 25. Nd4 bxc4 26. Rxc4 Nce4 27. Bxe4
Nxe4 28. Qe3 Nf6 29. Nc6 Rxc6 30. Rxc6 Qb4 31. Rxa6 Qb5 32. Ra7 Re8 33. Qd4 Qe2
34. Qd2 Qe4 35. Ra4 Qf5 36. Rc4 e5 37. dxe6 Rxe6 38. Re1 d5 39. Rxe6 fxe6 40.
Rc1 Ne4 41. Qd4+ Kh6 42. Qe5 Qg4 43. Re1 Qh4 44. Rxe4 dxe4 45. Qg5+ 1-0

[Event "7th European Individual Senior Champion."]
[Site "Hockenheim, Germany"]
[Date "2007.06.02"]
[Round "1.22"]
[White "Pracht, Hans-Dieter"]
[Black "Bakhmatov, Eduard"]
[Result "0-1"]
[WhiteElo "2056"]
[BlackElo "2351"]
[PlyCount "82"]
[EventDate "2007.??.??"]

1. d4 Nf6 2. c4 c5 3. Nf3 cxd4 4. Nxd4 e5 5. Nf3 Nc6 6. a3 e4 7. Nd4 Bc5 8. e3
d5 9. Nxc6 bxc6 10. b4 Be7 11. Bb2 O-O 12. cxd5 cxd5 13. Be2 a5 14. b5 a4 15.
O-O Be6 16. Bd4 Nd7 17. Qc2 Bd6 18. Qb2 Qg5 19. Rc1 Bh3 20. g3 Ne5 21. Nd2 Bg4
22. Bf1 Qe7 23. b6 Rfb8 24. Qc3 h5 25. Qb2 Rb7 26. Qc3 f6 27. Qb2 h4 28. Qc3
Qe6 29. Qb2 Kf7 30. Qc3 Kg6 31. Qb2 Rh8 32. Ba6 Bf3 33. Nxf3 Nxf3+ 34. Kf1
Nxh2+ 35. Ke1 Nf3+ 36. Kd1 Qg4 37. Kc2 Rbb8 38. Kb1 hxg3 39. fxg3 Rh2 40. Rc2
Rxc2 41. Qxc2 Nxd4 0-1

[Event "7th European Individual Senior Champion."]
[Site "Hockenheim, Germany"]
[Date "2007.06.02"]
[Round "1.23"]
[White "Loktiev, Ivan"]
[Black "Thieme, Hans"]
[Result "1/2-1/2"]
[WhiteElo "2350"]
[BlackElo "2055"]
[PlyCount "42"]
[EventDate "2007.??.??"]

1. d4 Nf6 2. c4 c5 3. dxc5 e6 4. Nf3 Bxc5 5. Nc3 a6 6. e3 b6 7. Bd3 Bb7 8. O-O
d5 9. Qe2 dxc4 10. Bxc4 Qc7 11. Bd2 b5 12. Bb3 Nbd7 13. Rac1 Rc8 14. e4 Qb8 15.
a3 O-O 16. Bg5 Qa8 17. Rfd1 Nb6 18. e5 Ne4 19. Nxe4 Bxe4 20. Bc2 Bxc2 21. Rxc2
Nd5 1/2-1/2

[Event "7th European Individual Senior Champion."]
[Site "Hockenheim, Germany"]
[Date "2007.06.02"]
[Round "1.24"]
[White "Stadt, Hans"]
[Black "Onoprienko, Vladimir"]
[Result "1-0"]
[WhiteElo "2050"]
[BlackElo "2342"]
[PlyCount "89"]
[EventDate "2007.??.??"]

1. d4 g6 2. c4 Bg7 3. Nc3 Nf6 4. e4 O-O 5. Be3 d6 6. h3 c5 7. d5 e6 8. Bd3 exd5
9. cxd5 a6 10. a4 Nbd7 11. Nf3 Re8 12. O-O c4 13. Bc2 Qc7 14. Bd4 b6 15. Re1
Bb7 16. Qd2 Nc5 17. Rad1 Rad8 18. g4 Bc8 19. Qf4 Nfd7 20. Bxg7 Kxg7 21. Nd4 Ne5
22. Qd2 Ncd3 23. Bxd3 Nxd3 24. Re3 Bd7 25. b3 Rc8 26. Nce2 b5 27. axb5 axb5 28.
bxc4 bxc4 29. Qc3 Kg8 30. Rb1 Qd8 31. Qd2 Qh4 32. Nc3 Nf4 33. Rg3 Nd3 34. Nf3
Qe7 35. Ne1 Nc5 36. Re3 Nb3 37. Qd1 Rb8 38. Qe2 Qf6 39. Rd1 Rec8 40. Nf3 Nc5
41. e5 dxe5 42. Nxe5 Re8 43. Qf3 Qxf3 44. Nxf3 Rxe3 45. fxe3 {
rest der partie unleserlich} 1-0

[Event "7th European Individual Senior Champion."]
[Site "Hockenheim, Germany"]
[Date "2007.06.02"]
[Round "1.25"]
[White "Kaminik, Aleksandar"]
[Black "Gousseinov, Aguif"]
[Result "1/2-1/2"]
[WhiteElo "2314"]
[BlackElo "2049"]
[PlyCount "31"]
[EventDate "2007.??.??"]

1. d4 Nf6 2. c4 e6 3. Nc3 Bb4 4. e3 b6 5. Nge2 Ne4 6. Qc2 Bb7 7. a3 Bxc3+ 8.
Nxc3 Nxc3 9. Qxc3 O-O 10. b4 d6 11. Bb2 Qf6 12. f3 Nd7 13. O-O-O a5 14. Bd3
axb4 15. axb4 c5 16. dxc5 1/2-1/2

[Event "7th European Individual Senior Champion."]
[Site "Hockenheim, Germany"]
[Date "2007.06.02"]
[Round "1.26"]
[White "Eidelmann, Vova"]
[Black "Gruzmann, Boris"]
[Result "0-1"]
[WhiteElo "2047"]
[BlackElo "2309"]
[PlyCount "80"]
[EventDate "2007.??.??"]

1. d4 Nf6 2. Nf3 g6 3. g3 Bg7 4. Bg2 d6 5. O-O O-O 6. Nc3 c6 7. Bg5 h6 8. Bd2
b5 9. a3 Qb6 10. h3 Nbd7 11. Be3 Bb7 12. Qd2 Kh7 13. Rad1 a5 14. Na2 Nd5 15.
Nc1 N7f6 16. Nh4 Rad8 17. f4 Nxe3 18. Qxe3 e5 19. c3 exd4 20. Qxd4 Nd5 21. Qxb6
Nxb6 22. Nd3 Nc4 23. Kf2 Bf6 24. Bf3 Bxh4 25. gxh4 h5 26. b3 Nb6 27. Rd2 a4 28.
bxa4 Nxa4 29. Nb4 d5 30. Rc1 Nb6 31. Rcd1 Ra8 32. Ra1 Rfe8 33. Rda2 Kg7 34. Nd3
Re7 35. Nc5 Bc8 36. Bg2 Bf5 37. a4 bxa4 38. c4 Ra5 39. Nb3 axb3 40. Rxa5 b2 0-1

[Event "7th European Individual Senior Champion."]
[Site "Hockenheim, Germany"]
[Date "2007.06.02"]
[Round "1.27"]
[White "Ljubarskij, Jurij"]
[Black "Sinchurina, Tatiana"]
[Result "1-0"]
[WhiteElo "2301"]
[BlackElo "2047"]
[PlyCount "97"]
[EventDate "2007.??.??"]

1. e4 c5 2. Nc3 Nc6 3. f4 e6 4. Nf3 d5 5. Bb5 a6 6. Bxc6+ bxc6 7. d3 Qb6 8. b3
Be7 9. Na4 Qc7 10. c4 Nf6 11. Qe2 d4 12. O-O Nd7 13. Ba3 Qa5 14. Ne5 Nxe5 15.
fxe5 O-O 16. Qe1 Qc7 17. Qg3 Qa5 18. Rf4 Bd7 19. Raf1 Rab8 20. Qe1 Qxe1 21.
Rxe1 Rfd8 22. Bxc5 Bxc5 23. Nxc5 Bc8 24. Ref1 Rf8 25. Kf2 Re8 26. Ke2 Re7 27.
Kd2 a5 28. a3 Ra7 29. Kc2 Kf8 30. h4 Re7 31. g4 Ke8 32. g5 Ra8 33. h5 g6 34.
hxg6 hxg6 35. Rh4 Kd8 36. Rh8+ Re8 37. Rh7 Ra7 38. Rfxf7 Rxf7 39. Rxf7 Rh8 40.
b4 axb4 41. axb4 Rh5 42. Rf6 Rxg5 43. Nxe6+ Bxe6 44. Rxe6 Rg2+ 45. Kb3 Kc7 46.
Rd6 g5 47. c5 Rd2 48. Kc4 g4 49. e6 1-0

[Event "7th European Individual Senior Champion."]
[Site "Hockenheim, Germany"]
[Date "2007.06.02"]
[Round "1.28"]
[White "Bayer, Wolfgang Dr"]
[Black "Werner, Clemens"]
[Result "0-1"]
[WhiteElo "2045"]
[BlackElo "2295"]
[PlyCount "104"]
[EventDate "2007.??.??"]

1. c4 g6 2. Nc3 Bg7 3. g3 e5 4. Bg2 f5 5. b4 Nf6 6. Qb3 d6 7. Bb2 O-O 8. Nf3 e4
9. Nd4 Nc6 10. Nxc6 bxc6 11. O-O Bd7 12. a3 Qe7 13. Rad1 Kh8 14. e3 Rfe8 15. d4
Qf7 16. d5 Ng4 17. Ne2 cxd5 18. Bxg7+ Qxg7 19. cxd5 Bb5 20. Rfe1 Ne5 21. Nd4
Bc4 22. Qc2 Qf7 23. f4 exf3 24. Nxf3 Bb5 25. Nd4 Qd7 26. Qc3 Rac8 27. Bf1 Bxf1
28. Kxf1 Kg8 29. b5 Qg7 30. Kg2 Nd7 31. Rc1 Qe5 32. Qb3 Qe4+ 33. Kg1 Nc5 34.
Rxc5 dxc5 35. d6+ Kg7 36. d7 cxd4 37. Qc4 Rcd8 38. dxe8=Q Rxe8 39. Qxc7+ Re7
40. Qc6 dxe3 41. Qxe4 Rxe4 42. Kf1 Kf6 43. Rb1 Ra4 44. b6 axb6 45. Rxb6+ Ke5
46. Rb2 g5 47. Ke2 Ke4 48. Kf1 Kf3 49. Rc2 f4 50. gxf4 gxf4 51. Kg1 Rxa3 52.
Rb2 Rd3 0-1

[Event "7th European Individual Senior Champion."]
[Site "Hockenheim, Germany"]
[Date "2007.06.02"]
[Round "1.29"]
[White "Neese, Hans-Joachim"]
[Black "Preuss, Flemming"]
[Result "1-0"]
[WhiteElo "2287"]
[BlackElo "2045"]
[PlyCount "97"]
[EventDate "2007.??.??"]

1. d4 f5 2. c4 Nf6 3. g3 g6 4. Bg2 Bg7 5. Nc3 d6 6. Nf3 O-O 7. O-O Nc6 8. d5
Ne5 9. Nxe5 dxe5 10. f3 e6 11. e4 exd5 12. cxd5 c6 13. Be3 cxd5 14. exd5 Ne8
15. Qb3 Nd6 16. f4 b6 17. Rfd1 Ba6 18. Bf1 Bxf1 19. Kxf1 Rc8 20. Ne2 Qd7 21.
Rac1 Kh8 22. fxe5 Bxe5 23. Nf4 Rxc1 24. Rxc1 Rc8 25. Ne6 Rxc1+ 26. Bxc1 Qc8 27.
Bd2 Qc4+ 28. Qxc4 Nxc4 29. Bc1 Kg8 30. b3 Nd6 31. Nd8 Nc8 32. Nc6 Bc7 33. Ke2
Kf7 34. Bg5 Ke8 35. Kd3 Kd7 36. Kd4 Bd6 37. a4 a6 38. Bf4 b5 39. a5 Bxf4 40.
gxf4 Kd6 41. h4 h6 42. Ne5 Ne7 43. Nf7+ Kd7 44. Kc5 Nc8 45. Ne5+ Kc7 46. Nxg6
Nd6 47. Kd4 Nb7 48. b4 Kd6 49. h5 1-0

[Event "7th European Individual Senior Champion."]
[Site "Hockenheim, Germany"]
[Date "2007.06.02"]
[Round "1.30"]
[White "Belokopyt, Boris"]
[Black "Fronczek, Heinrich"]
[Result "0-1"]
[WhiteElo "2037"]
[BlackElo "2285"]
[PlyCount "120"]
[EventDate "2007.??.??"]

1. e4 c5 2. Nf3 e6 3. d3 Nc6 4. c3 d5 5. Nbd2 Nf6 6. h3 Bd6 7. Be2 O-O 8. O-O
b6 9. Re1 Ba6 10. Bf1 dxe4 11. dxe4 Bxf1 12. Rxf1 Bf4 13. Qe2 Qc7 14. g3 Bh6
15. Re1 Rad8 16. Nf1 Bxc1 17. Raxc1 Na5 18. b4 Nb7 19. a3 c4 20. Nd4 e5 21. Nb5
Qc6 22. a4 a6 23. Na3 b5 24. Nd2 Rd3 25. Nf3 Re8 26. Nb1 Nxe4 27. Qxe4 Qxe4 28.
Rxe4 Rxf3 29. Kg2 Rd3 30. f4 f6 31. fxe5 Rxe5 32. Rxe5 fxe5 33. Re1 Rd5 34. Re2
Nd6 35. Nd2 Kf7 36. Nf3 Kf6 37. g4 g5 38. Kh2 h6 39. Kg2 e4 40. Nd4 Ke5 41.
Nc6+ Kf4 42. Ne7 Ke5 43. Nxd5 Kxd5 44. Kf2 Ke5 45. Ke3 Nc8 46. Ra2 Nb6 47. axb5
axb5 48. Ra5 Nd5+ 49. Kd2 e3+ 50. Ke1 Ke4 51. Ra6 Nxc3 52. Rxh6 Nd5 53. Re6+
Kd4 54. Rg6 Nxb4 55. Rxg5 Nd3+ 56. Ke2 b4 57. Rg8 b3 58. Rd8+ Kc3 59. Rf8 b2
60. Rb8 Nb4 0-1

[Event "7th European Individual Senior Champion."]
[Site "Hockenheim, Germany"]
[Date "2007.06.02"]
[Round "1.31"]
[White "Rosen, Willy"]
[Black "Mertens, Gottfried"]
[Result "1-0"]
[WhiteElo "2279"]
[BlackElo "2035"]
[PlyCount "41"]
[EventDate "2007.??.??"]

1. e4 e6 2. d4 d5 3. Nc3 Bb4 4. e5 Ne7 5. Bd2 Bd7 6. Qg4 c5 7. dxc5 Bxc5 8. Nf3
Qb6 9. O-O-O Bxf2 10. Qxg7 Rg8 11. Qxh7 Be3 12. h4 Bxd2+ 13. Rxd2 Qe3 14. h5
Nbc6 15. h6 Kf8 16. Nd1 Qf4 17. Rh4 Qf5 18. Bd3 Qxh7 19. Bxh7 Rh8 20. Bd3 Nb4
21. Rxb4 1-0

[Event "7th European Individual Senior Champion."]
[Site "Hockenheim, Germany"]
[Date "2007.06.02"]
[Round "1.32"]
[White "Semmler, Guenter"]
[Black "Rosino, Antonio"]
[Result "0-1"]
[WhiteElo "2030"]
[BlackElo "2275"]
[PlyCount "50"]
[EventDate "2007.??.??"]

1. Nf3 Nf6 2. d4 g6 3. g3 Bg7 4. Bg2 O-O 5. O-O d5 6. c4 c6 7. Nc3 dxc4 8. Ne5
Be6 9. e4 Nfd7 10. Nxd7 Nxd7 11. d5 cxd5 12. exd5 Bf5 13. Re1 Ne5 14. Be3 Nd3
15. Re2 Nxb2 16. Rxb2 Bxc3 17. Rxb7 Bxa1 18. Qxa1 Rb8 19. Bh6 f6 20. Rxb8 Qxb8
21. Bxf8 Kxf8 22. Kf1 Bd3+ 23. Ke1 Qb4+ 24. Kd1 c3 25. a3 c2+ 0-1

[Event "7th European Individual Senior Champion."]
[Site "Hockenheim, Germany"]
[Date "2007.06.02"]
[Round "1.33"]
[White "Fatalibekova, Elena"]
[Black "Josting, Friedel"]
[Result "1-0"]
[WhiteElo "2273"]
[BlackElo "2026"]
[PlyCount "27"]
[EventDate "2007.??.??"]

1. d4 Nf6 2. Nf3 e6 3. e3 b6 4. Bd3 Bb7 5. O-O d5 6. b3 Nbd7 7. Bb2 Be7 8. Nbd2
O-O 9. c4 c5 10. Qe2 Ne4 11. Rfd1 Ndf6 12. Nf1 cxd4 13. Nxd4 Rc8 14. Rac1 {
rest der partie unleserlich!} 1-0